Statistiques concernant Pays de 60 millions à 30 millions d'habitants

Cliquez ici pour prendre le quiz!

Statistiques générales

  • Ce quiz a été pris 72 fois
  • Le résultat moyen est 17 sur 26

Statistiques - réponses

PopulationPays% Correct
58 697 744Italie
94%
47 473 373Espagne
93%
38 211 459Maroc
91%
46 278 751Algérie
90%
46 057 866Argentine
87%
37 937 821Ukraine
86%
40 221 726Pologne
84%
39 107 046Canada
83%
52 340 774Colombie
81%
51 741 963Corée du Sud
79%
46 523 657Iraq / Irak
77%
37 473 929Arabie Saoudite
71%
34 683 444Pérou
66%
37 804 634Angola
60%
43 372 950Afghanistan
59%
49 358 228Soudan
59%
56 203 030Kenya
57%
54 964 694Birmanie
50%
34 858 402Mozambique
50%
34 671 895Malaisie
49%
49 924 252Ouganda
49%
35 673 804Ouzbékistan
49%
34 777 522Ghana
41%
35 219 853Yémen
41%
31 240 315Népal
34%
31 056 610Madagascar
33%

Distribution des résultats

Percentile par nombre de réponses

% des personnes avec chaque résultat

Votre développement - résultats

Vous n’avez pas pris ce quiz